| 000 | 01342nam a2200385 i 4500 | ||
|---|---|---|---|
| 001 | 8263 | ||
| 003 | KOSZ 005 | ||
| 005 | 20200630132818.0 | ||
| 008 | 170701s1963 pl a f 000 0 pol | ||
| 040 |
_aWA N _cWA N _dKOSZ 005/RW _dKOSZ 005/HR |
||
| 046 | _k1963 | ||
| 080 | _a620.17 | ||
| 080 | _a539.3/.6 | ||
| 080 | _a(075.8) | ||
| 100 | 1 |
_aWalczak, Janusz _d(1906-1986) _eAutor |
|
| 245 | 1 | 0 |
_aWytrzymałość materiałów oraz podstawy teorii sprężystości i plastyczności. _nT. 1 / _cJanusz Walczak. |
| 250 | _aWyd. 2 popr. | ||
| 260 |
_aWarszawa : _bPaństwowe Wydawnictwo Naukowe, _c1963. |
||
| 300 |
_a439 s. : _bil. ; _c24 cm. |
||
| 336 |
_2rdacontent _aTekst _btxt |
||
| 337 |
_2rdamedia _aBez urządzenia pośredniczącxego _bn |
||
| 338 |
_2rdacarrier _aWolumin _bnc |
||
| 380 | _aKsiążki | ||
| 388 | _a1901-2000 | ||
| 521 | _aSkrypt dla studentów wyższych szkół technicznych. | ||
| 658 | _aInżynieria i technika | ||
| 658 | _aFizyka i astronomia | ||
| 655 | 4 | _aPodręczniki akademickie | |
| 650 | 4 | _aPlastyczność | |
| 650 | 4 | _aWytrzymałość materiałów | |
| 650 | 4 | _aSprężystość | |
| 710 | 2 |
_aPaństwowe Wydawnictwo Naukowe _4pbl. |
|
| 856 |
_uhttp://koha.tu.koszalin.pl/cgi-bin/koha/opac-detail.pl?biblionumber=8263 _yKatalog online BPK |
||
| 942 |
_cKS _2UKD |
||
| 999 |
_c8263 _d8263 |
||